书目信息 |
| 题名: |
虹彩六号
|
|
| 作者: | 王永成 编写 | |
| 分册: | 三 | |
| 出版信息: | 长春 时代文艺出版社 2010.03 |
|
| 页数: | 291-448页 | |
| 开本: | 21cm | |
| 丛书名: | ||
| 单 册: | ||
| 中图分类: | I247.52 | |
| 科图分类: | ||
| 主题词: | 长篇小说 , 长篇小说--中国--现代 | |
| 电子资源: | ||
| ISBN: | 978-7-5387-1888-1 | |
| 000 | 00845nam0 22002771 450 | |
| 001 | 002704398 | |
| 005 | 20111227083036.39 | |
| 010 | @a978-7-5387-1888-1@dCNY29.90 | |
| 096 | @aI247.57@bwyc | |
| 100 | @a20040820d2010 em y0chiy50 ea | |
| 101 | 0 | @achi |
| 102 | @aCN@b220000 | |
| 105 | @ay z 000ay | |
| 200 | 1 | @a虹彩六号@9hong cai liu hao@e比真实更接近真实的科幻故事@h三@f王永成编写 |
| 205 | @a第2版 | |
| 210 | @a长春@c时代文艺出版社@d2010.03 | |
| 215 | @a291-448页@d21cm | |
| 461 | 0 | @1001002702382 |
| 510 | 1 | @aRainbow Six@zeng |
| 517 | 1 | @a比真实更接近真实的科幻故事@Abi zhen shi geng jie jin zhen shi de ke huan gu shi |
| 606 | 0 | @a长篇小说 |
| 606 | 0 | @a长篇小说@y中国@z现代 |
| 690 | @aI247.52@v4 | |
| 701 | 0 | @a王永成@9wang yong cheng@4编写 |
| 801 | 0 | @c20111227 |
| 905 | @a郑州市财税学校图书馆@dI247.52@eW430=2:3@f8 | |
| 虹彩六号:比真实更接近真实的科幻故事.三/王永成编写.-第2版.-长春:时代文艺出版社,2010.03 |
| 291-448页;21cm |
| ISBN 978-7-5387-1888-1:CNY29.90 |
| ● |
| 相关链接 |
|
|
|
正题名:虹彩六号
索取号:I247.52/W430=2:3
 
预约/预借
| 序号 | 登录号 | 条形码 | 馆藏地/架位号 | 状态 | 备注 |
| 1 | 1181103 | 211811039 | 文学库108/400B社科库 24排4列2层/ [索取号:I247.52/W430=2:3] | 在馆 | |
| 2 | 1181104 | 211811048 | 文学库108/108文学库 43排1列4层/ [索取号:I247.52/W430=2:3] |
已借出,限还日期为2025.12.10 借出人:陈一菡 |
|
| 3 | 1181105 | 211811057 | 文学库108/400B社科库 22排4列4层/ [索取号:I247.52/W430=2:3] | 在馆 | |
| 4 | 1181106 | 211811066 | 文学库108/400B社科库 22排4列4层/ [索取号:I247.52/W430=2:3] | 在馆 | |
| 5 | 1181107 | 211811075 | 文学库108/400B社科库 22排4列4层/ [索取号:I247.52/W430=2:3] | 在馆 | |
| 6 | 1191299 | 211912992 | 文学库108/400B社科库 24排4列2层/ [索取号:I247.52/W430=2:3] | 在馆 | |
| 7 | 1191300 | 211913009 | 文学库108/400B社科库 24排4列2层/ [索取号:I247.52/W430=2:3] | 在馆 | |
| 8 | 1191301 | 211913018 | 文学库108/108文学库 42排11列5层/ [索取号:I247.52/W430=2:3] | 在馆 |